Women in development. Contenido:. Women and industrial Development. Women and appropriate technology. Women, water and sanitation. Women and work. Women and forestry. Women and health. Women and credit. Women and education. Women and energy. Women and foo

Αποθηκεύτηκε σε:
Λεπτομέρειες βιβλιογραφικής εγγραφής
Συγγραφή απο Οργανισμό/Αρχή: Canadian International Development Agency
Μορφή: Κείμενο
Έκδοση: s.l: Canadian International Development Agency
Ετικέτες: Προσθήκη ετικέτας
Δεν υπάρχουν, Καταχωρήστε ετικέτα πρώτοι!

MARC

LEADER 00000 a a2200000 04500
001 23740
003
040
090 |a 167300  
110 |a Canadian International Development Agency  
245 |a Women in development. Contenido:. Women and industrial Development. Women and appropriate technology. Women, water and sanitation. Women and work. Women and forestry. Women and health. Women and credit. Women and education. Women and energy. Women and foo  
260 |a s.l:   |b Canadian International Development Agency  
300 |a pag. varia.  
999 |c 10758  |d 10758